[Event "Reykjavik Open 2018"]
[Site "Reykjavik ISL"]
[Date "2018.03.12"]
[Round "7.36"]
[White "L'Ami, Alina"]
[Black "Ragnarsson, Johann"]
[Result "1-0"]
[WhiteTitle "IM"]
[WhiteElo "2306"]
[BlackElo "1985"]
[WhiteFideId "1210246"]
[BlackFideId "2301040"]
[EventDate "2018.03.06"]

1. d4 d5 2. c4 e6 3. Nf3 c6 4. Nc3 dxc4 5. a4 Bb4 6. e3 b5 7. Bd2 a5 8. axb5
Bxc3 9. Bxc3 cxb5 10. b3 Bb7 11. bxc4 b4 12. Bb2 Nf6 13. Bd3 Nbd7 14. O-O O-O
15. Nd2 e5 16. Qc2 Qc7 17. f3 Rfd8 18. Ne4 Nxe4 19. fxe4 Qc6 20. c5 a4 21. Bc4
Qxe4 22. Qxe4 Bxe4 23. Rxf7 Kh8 24. dxe5 Bg6 25. Re7 Nxc5 26. e6 Rg8 27. Rc7 a3
28. Bxa3 bxa3 29. Rxc5 Ra7 30. Bd5 h6 31. Rc3 Rd8 32. e4 a2 33. Re3 Rb8 34. Rxa2
Rb1+ 35. Kf2 Rxa2+ 36. Bxa2 Rb2+ 37. Re2 Rxe2+ 38. Kxe2 Bxe4 39. g3 Bc6 40. Ke3
g6 41. Kd4 Kg7 42. Ke5 h5 43. e7 Bb5 44. Be6 Be8 45. Kd6 g5 46. Bd7 1-0

[Event "Reykjavik Open 2018"]
[Site "Reykjavik ISL"]
[Date "2018.03.12"]
[Round "7.37"]
[White "Risting, Eivind Olav"]
[Black "Sikkel, Dirk"]
[Result "1-0"]
[WhiteTitle "FM"]
[WhiteElo "2304"]
[BlackElo "1937"]
[WhiteFideId "1517333"]
[BlackFideId "1050079"]
[EventDate "2018.03.06"]

1. d4 g6 2. c4 Bg7 3. Nc3 d6 4. Nf3 e5 5. e4 Nc6 6. Bg5 f6 7. Be3 Nh6 8. dxe5
fxe5 9. c5 dxc5 10. Qxd8+ Kxd8 11. Bxc5 Re8 12. Bb5 Bd7 13. Rd1 Kc8 14. Nd5 Nb8
15. Be2 c6 16. Nc3 Nf7 17. h4 h6 18. b4 Be6 19. b5 Nd7 20. Be3 Kc7 21. O-O Bf8
22. Rc1 c5 23. Nd2 b6 24. Bc4 Nd6 25. Bxe6 Rxe6 26. f3 Nf6 27. Rfd1 a6 28. bxa6
Rxa6 29. Bf2 Re8 30. Rc2 Kc6 31. g4 Nb5 32. Nxb5 Kxb5 33. Nc4 Kc6 34. Bg3 Nd7
35. Rcd2 Ra7 36. Rxd7 Rxd7 37. Nxe5+ Rxe5 38. Rxd7 Kxd7 39. Bxe5 c4 40. Kf2 Ke6
41. Bd4 b5 42. f4 b4 43. Ke3 Be7 44. h5 gxh5 45. gxh5 Bf8 46. Bb6 Kd6 47. Kd4
Kc6 48. Kxc4 Kxb6 49. Kd5 Kc7 50. Ke6 Kd8 51. Kf7 Be7 52. e5 Kd7 53. f5 1-0

[Event "Reykjavik Open 2018"]
[Site "Reykjavik ISL"]
[Date "2018.03.12"]
[Round "7.38"]
[White "Diaz, Franck"]
[Black "Stefansson, Vignir Vatnar"]
[Result "0-1"]
[BlackTitle "FM"]
[WhiteElo "2050"]
[BlackElo "2300"]
[WhiteFideId "639125"]
[BlackFideId "2308649"]
[EventDate "2018.03.06"]

1. e4 Nc6 2. Nc3 Nf6 3. d4 e5 4. dxe5 Nxe5 5. f4 Ng6 6. e5 Ng8 7. Bc4 d6 8. Nf3
Nh6 9. Qe2 dxe5 10. Bd2 Be7 11. O-O-O Nf5 12. fxe5 O-O 13. Be1 Qe8 14. h4 h5 15.
Nd5 Bd8 16. Ng5 Nxe5 17. Qxh5 Nh6 18. Qe2 c6 19. Nf4 b5 20. Bb3 Bg4 21. Qe4 Bf5
22. Qe2 Bc7 23. Kb1 a5 24. a4 Neg4 25. Qxe8 Rfxe8 26. g3 b4 27. Rg1 Bb6 28. Rh1
Rad8 29. Rxd8 Rxd8 30. Nd3 c5 31. Rf1 Rxd3 32. Rxf5 Rd1+ 33. Ka2 Rxe1 0-1

[Event "Reykjavik Open 2018"]
[Site "Reykjavik ISL"]
[Date "2018.03.12"]
[Round "7.39"]
[White "Thorsteinsson, Erlingur"]
[Black "Povah, Nigel E"]
[Result "0-1"]
[BlackTitle "IM"]
[WhiteElo "2056"]
[BlackElo "2284"]
[WhiteFideId "2301091"]
[BlackFideId "400467"]
[EventDate "2018.03.06"]

1. Nf3 d5 2. c4 d4 3. e4 Nc6 4. d3 e5 5. Be2 Bb4+ 6. Nbd2 a5 7. O-O Nf6 8. a3
Bd6 9. b3 O-O 10. Bb2 Nd7 11. Qc2 Nc5 12. Rfb1 Qe7 13. Nf1 f5 14. exf5 Bxf5 15.
Ng3 Bg6 16. Re1 Qf6 17. Rad1 Ra6 18. Rf1 Rb6 19. Nd2 Qe7 20. Ra1 Nd8 21. Nge4
Nde6 22. g3 Nxe4 23. dxe4 Nc5 24. f3 Qg5 25. Kg2 d3 26. f4 dxc2 27. fxg5 Nxb3
28. c5 Rxf1 29. Rxf1 Nxd2 30. cxb6 Bxe4+ 31. Rf3 cxb6 32. Bc1 Nb1 33. Bc4+ Kh8
34. Bd3 Bxf3+ 35. Kxf3 Bxa3 36. Bxc2 Bxc1 37. Bxb1 b5 38. Ke4 Bb2 39. Kd5 Bd4
40. g4 a4 41. h4 Kg8 42. h5 a3 43. Ke4 Kf7 44. Ba2+ Ke7 45. Bg8 Kd6 46. Ba2 Kc5
47. g6 hxg6 48. hxg6 Kb4 49. Kd3 Bf2 50. Bd5 e4+ 51. Kc2 e3 52. Bf3 Bg3 0-1

[Event "Reykjavik Open 2018"]
[Site "Reykjavik ISL"]
[Date "2018.03.12"]
[Round "7.40"]
[White "Velez Romero, Juan Luis"]
[Black "Kucuksari, Kaan"]
[Result "1-0"]
[BlackTitle "FM"]
[WhiteElo "1981"]
[BlackElo "2271"]
[WhiteFideId "2273187"]
[BlackFideId "6380166"]
[EventDate "2018.03.06"]

1. d4 Nf6 2. Nf3 e6 3. Bg5 c5 4. c3 b6 5. Nbd2 Bb7 6. e3 Be7 7. Bd3 O-O 8. Qc2
h6 9. h4 Nc6 10. a3 d5 11. Bf4 Bd6 12. Bxd6 Qxd6 13. Rg1 e5 14. dxe5 Nxe5 15.
Nxe5 Qxe5 16. Nf3 Qe7 17. O-O-O d4 18. exd4 Bxf3 19. gxf3 cxd4 20. Qd2 Kh8 21.
Rxg7 1-0

[Event "Reykjavik Open 2018"]
[Site "Reykjavik ISL"]
[Date "2018.03.12"]
[Round "7.41"]
[White "Swati, Mohota"]
[Black "Pantzar, Milton"]
[Result "0-1"]
[WhiteTitle "WFM"]
[BlackTitle "FM"]
[WhiteElo "1991"]
[BlackElo "2263"]
[WhiteFideId "5006511"]
[BlackFideId "1721003"]
[EventDate "2018.03.06"]

1. d4 Nf6 2. c4 e6 3. a3 d5 4. Nc3 c6 5. e3 Nbd7 6. Nf3 Bd6 7. Qc2 O-O 8. Be2 b6
9. O-O Bb7 10. Rd1 Qe7 11. b3 Rac8 12. Bb2 c5 13. dxc5 Nxc5 14. b4 Nce4 15. Bd3
Nxc3 16. Bxc3 e5 17. Bf5 Rxc4 18. Qb2 e4 19. Nd4 Qe5 20. g3 Rxd4 21. Bxh7+ Kxh7
22. Bxd4 Qf5 23. Qe2 Ng4 24. Rac1 Rh8 25. Rc2 Nxh2 0-1

[Event "Reykjavik Open 2018"]
[Site "Reykjavik ISL"]
[Date "2018.03.12"]
[Round "7.42"]
[White "Mai, Aron Thor"]
[Black "Shailesh, Dravid"]
[Result "0-1"]
[BlackTitle "FM"]
[WhiteElo "1975"]
[BlackElo "2246"]
[WhiteFideId "2313383"]
[BlackFideId "25017969"]
[EventDate "2018.03.06"]

1. d4 Nf6 2. Nc3 d5 3. Bf4 g6 4. e3 Bg7 5. h4 h5 6. Be2 O-O 7. Nf3 c5 8. Nb5 Na6
9. c3 Bg4 10. Ng5 Bxe2 11. Qxe2 Qb6 12. a4 Rfc8 13. O-O Nb8 14. dxc5 Qxc5 15. e4
a6 16. Na3 dxe4 17. Nxe4 Qf5 18. Nxf6+ Bxf6 19. Bg3 Nd7 20. Rfe1 Rc6 21. Qe4 Nc5
22. Qb4 Rac8 23. Re2 a5 24. Qb5 Qg4 25. Nc2 Bxh4 26. Ne3 Qg5 27. Bh2 Re6 28. Kf1
Qf6 29. Nd5 Qf5 30. Nf4 Rxe2 31. Qxe2 Bg5 32. Nh3 Bf6 33. Kg1 Qd3 34. Qe1 Rd8
35. Bf4 Qc2 36. Bc7 Rd7 37. Bb6 Nxa4 38. Bxa5 Nxb2 39. Kh2 Rd1 40. Rxd1 Nxd1 41.
c4 Nb2 42. Bd8 Qxc4 43. g3 Qc5 44. Kg1 Nc4 45. Qe4 Qc8 46. Bxe7 Bxe7 47. Qxe7
Qxh3 48. Qd8+ Kh7 49. Qc7 Qe6 50. Qxb7 Ne5 51. Qe4 Qf5 52. Qe3 Ng4 53. Qe2 Qxf2+ 0-1

[Event "Reykjavik Open 2018"]
[Site "Reykjavik ISL"]
[Date "2018.03.12"]
[Round "7.44"]
[White "Giacomini, Hector"]
[Black "Danielsson, Sigurdur"]
[Result "1-0"]
[WhiteElo "2193"]
[BlackElo "1791"]
[WhiteFideId "605352"]
[BlackFideId "2301792"]
[EventDate "2018.03.06"]

1. Nf3 d5 2. e3 c5 3. d4 c4 4. b3 cxb3 5. axb3 Nc6 6. c4 Bg4 7. cxd5 Qxd5 8. Nc3
Qd8 9. d5 Nb8 10. h3 Bd7 11. Bc4 a6 12. O-O g6 13. e4 Bg7 14. e5 Nh6 15. Bg5 O-O
16. Qd2 Nf5 17. g4 h6 18. Bf4 g5 19. gxf5 gxf4 20. Qxf4 f6 21. e6 Be8 22. Rfd1
b5 23. Nxb5 Qb6 24. Nc7 Ra7 25. d6 Nc6 26. Nd5 Qd8 27. d7 Bh5 28. Rxa6 Rxa6 29.
Bxa6 Qa5 30. Be2 Rd8 31. b4 Qa2 32. Rd2 Qb1+ 33. Kh2 Bxf3 34. Bxf3 Ne5 35. Nxe7+
Kh7 36. Nd5 Nxd7 37. exd7 Qb3 38. Qc7 1-0

[Event "Reykjavik Open 2018"]
[Site "Reykjavik ISL"]
[Date "2018.03.12"]
[Round "7.45"]
[White "Pein, Jonathan"]
[Black "Einarsson, Oskar Long"]
[Result "1/2-1/2"]
[WhiteElo "2184"]
[BlackElo "1729"]
[WhiteFideId "417092"]
[BlackFideId "2309220"]
[EventDate "2018.03.06"]

1. e4 g6 2. d4 Bg7 3. Nc3 d6 4. Be3 a6 5. a4 Nf6 6. Be2 O-O 7. Nf3 Nc6 8. O-O e5
9. d5 Ne7 10. Nd2 Nd7 11. f3 f5 12. b4 Nf6 13. Na2 f4 14. Bf2 g5 15. c4 h5 16.
c5 g4 17. Bh4 gxf3 18. Bxf3 Ng4 19. Bxg4 hxg4 20. Nc4 Bf6 21. Bf2 Bg5 22. Rc1 f3
23. Be3 Ng6 24. g3 Bxe3+ 25. Nxe3 Qg5 26. Qd2 Rf7 27. Nc4 Qxd2 28. Nxd2 Bd7 29.
Nc3 a5 30. b5 dxc5 31. Na2 b6 32. Nc3 Re8 33. Rf2 Ne7 34. Nc4 Nc8 35. Nd1 Rf6
36. Nde3 Kg7 37. Rb1 Kg6 38. Re1 Kg5 39. Nc2 Re7 40. N2e3 Re8 41. Nc2 Rff8 42.
N2e3 Re7 43. Nf1 Be8 44. Nfd2 Rh8 45. Re3 Bg6 46. Re1 Rh3 47. Re3 Kf6 48. Re1
Rg7 49. Ne3 Bh7 50. Nec4 Rg5 51. Re3 Ke7 52. Re1 Kd7 53. Re3 Rh6 54. Re1 Ne7 55.
Re3 Ng8 56. Re1 Nf6 57. Re3 Rhh5 58. Re1 Rg7 59. Re3 Bg6 60. Re1 Nh7 61. Kh1 Kd8
62. Ne3 Nf6 63. Nec4 Be8 64. Nf1 Bd7 65. Rd2 Kc8 66. Kg1 Be8 67. Rf2 Bg6 68.
Nfd2 Nh7 69. Kh1 Ng5 70. Rff1 Rgh7 71. Rf2 Nh3 72. Rff1 Nf4 73. h4 Ne2 74. Rxe2
fxe2 75. Re1 Rf7 76. Rxe2 Kd8 77. Kg2 Ke8 78. Ne3 Rh8 79. Nec4 Re7 80. Rf2 Rf8
81. Rxf8+ Kxf8 82. Kf2 Kg7 83. Ke3 Re8 84. Nf1 Kf6 85. Nh2 Bh5 86. Ke2 Rg8 87.
Ke3 Bf7 88. Kd3 Be8 89. Ke3 Bd7 90. Ke2 Ra8 91. Ke3 Rf8 92. Ke2 Re8 1/2-1/2

[Event "Reykjavik Open 2018"]
[Site "Reykjavik ISL"]
[Date "2018.03.12"]
[Round "7.45"]
[White "Pein, Jonathan"]
[Black "Einarsson, Oskar Long"]
[Result "0-1"]
[WhiteElo "2184"]
[BlackElo "1729"]
[WhiteFideId "417092"]
[BlackFideId "2309220"]
[EventDate "2018.03.06"]

1. b3 d5 2. Bb2 e6 3. e3 Nf6 4. f4 c5 5. Nf3 Nc6 6. Bb5 Bd7 7. O-O Be7 8. d3 O-O
9. Nbd2 a6 10. Bxc6 Bxc6 11. Ne5 Qc7 12. Qe1 b5 13. Qg3 Rad8 14. Ndf3 d4 15. e4
Nh5 16. Qg4 g6 17. Bc1 Bb7 18. Qh3 f5 19. exf5 exf5 20. Bd2 Bf6 21. Rae1 Rfe8
22. g3 Re7 23. Qg2 Rde8 24. h4 Bxe5 25. fxe5 Rxe5 26. Rxe5 Rxe5 27. Re1 Rxe1+
28. Bxe1 Qe7 29. Bd2 Qd6 30. Kf2 Qd5 31. Ne1 Qxg2+ 32. Nxg2 Bxg2 33. Kxg2 Kf7
34. Kf3 Ke6 35. g4 fxg4+ 36. Kxg4 Ng7 37. Bh6 Nf5 38. Bd2 Ne3+ 39. Kg5 Nxc2 40.
Kh6 Kf5 41. Kxh7 Ne3 42. Ba5 Nd5 43. Bd2 b4 44. Bh6 Nf6+ 45. Kh8 Nd7 46. Kh7 Ne5
47. Bf8 Nxd3 48. Kg7 0-1

[Event "Reykjavik Open 2018"]
[Site "Reykjavik ISL"]
[Date "2018.03.12"]
[Round "7.47"]
[White "Valette, Christian"]
[Black "Kjartansson, Gudmundur"]
[Result "1/2-1/2"]
[BlackTitle "IM"]
[WhiteElo "2022"]
[BlackElo "2432"]
[WhiteFideId "613940"]
[BlackFideId "2301318"]
[EventDate "2018.03.06"]

1. d4 Nf6 2. Nf3 b6 3. e3 Bb7 4. Bd3 g6 5. Nbd2 Bg7 6. e4 c5 7. c3 O-O 8. O-O
Ba6 9. Bxa6 Nxa6 10. Qe2 Nc7 11. Rd1 d6 12. Nf1 Qc8 13. Ng3 cxd4 14. Nxd4 Qb7
15. f3 a6 16. Bg5 h6 17. Be3 e5 18. Ndf5 gxf5 19. Nxf5 Rfd8 20. Qf2 Ne6 21. Qh4
Nf4 22. Nxh6+ Kf8 23. Bxf4 exf4 24. Nf5 Ne8 25. Rd5 f6 26. Rad1 Rac8 27. Qxf4
Rc5 28. g4 Kg8 29. h4 Bf8 30. g5 Rxd5 31. Rxd5 1/2-1/2

[Event "Reykjavik Open 2018"]
[Site "Reykjavik ISL"]
[Date "2018.03.12"]
[Round "7.48"]
[White "Birkisson, Bjorn Holm"]
[Black "Brunello, Marina"]
[Result "1-0"]
[BlackTitle "FM"]
[WhiteElo "2022"]
[BlackElo "2367"]
[WhiteFideId "2310600"]
[BlackFideId "822590"]
[EventDate "2018.03.06"]

1. g3 d5 2. Bg2 c6 3. Nf3 Nf6 4. c4 dxc4 5. O-O Nbd7 6. Na3 Nb6 7. Qc2 g6 8.
Nxc4 Nxc4 9. Qxc4 Bg7 10. e4 O-O 11. h3 h6 12. Qc2 Ne8 13. d4 Nd6 14. Be3 Be6
15. b3 Qa5 16. Rac1 Nb5 17. a4 Nd6 18. Nd2 b5 19. Qc5 Rfc8 20. axb5 cxb5 21. Ra1
Qd8 22. Qa3 a5 23. e5 Nf5 24. Bxa8 Rxa8 25. Qc5 f6 26. exf6 Bxf6 27. Nf3 Bd5 28.
Ne5 Rc8 29. Qxb5 Rc2 30. Qd3 Rb2 31. Rab1 Rxb1 32. Rxb1 Qa8 33. Rc1 Kg7 34. Kh2
a4 35. bxa4 Qxa4 36. Rc3 Ba8 37. Qc4 Qxc4 38. Rxc4 Bd5 39. Rc7 h5 40. g4 Nh4 41.
f4 hxg4 42. hxg4 g5 43. Kh3 Bg2+ 44. Kg3 Ba8 45. Nc6 1-0

[Event "Reykjavik Open 2018"]
[Site "Reykjavik ISL"]
[Date "2018.03.12"]
[Round "7.49"]
[White "Kantorik, Marian"]
[Black "Runarsson, Gunnar"]
[Result "1-0"]
[WhiteTitle "IM"]
[WhiteElo "2313"]
[BlackElo "1993"]
[WhiteFideId "14900513"]
[BlackFideId "2301768"]
[EventDate "2018.03.06"]

1. d4 Nf6 2. c4 e6 3. Nc3 Bb4 4. f3 O-O 5. a3 Bxc3+ 6. bxc3 c5 7. d5 Qa5 8. Bd2
d6 9. e4 e5 10. Bd3 Nbd7 11. Ne2 Nh5 12. O-O g6 13. Bh6 Re8 14. Qd2 Qd8 15. g4
Ng7 16. Ng3 Qh4 17. Bg5 Qh3 18. Rf2 1-0

[Event "Reykjavik Open 2018"]
[Site "Reykjavik ISL"]
[Date "2018.03.12"]
[Round "7.50"]
[White "Mortensen, Rogvi"]
[Black "Thorgeirsson, Jon Kristinn"]
[Result "0-1"]
[BlackTitle "FM"]
[WhiteElo "2018"]
[BlackElo "2298"]
[WhiteFideId "7202369"]
[BlackFideId "2307731"]
[EventDate "2018.03.06"]

1. d4 d5 2. c4 c6 3. Nf3 Nf6 4. Nc3 dxc4 5. a4 Bf5 6. Ne5 Nbd7 7. Nxc4 Qc7 8. g3
e5 9. dxe5 Nxe5 10. Bf4 Nfd7 11. Bg2 f6 12. O-O O-O-O 13. Ne3 Be6 14. Qc2 h5 15.
Rfc1 Kb8 16. b4 g5 17. Bxe5 Qxe5 18. b5 cxb5 19. Nxb5 Bb4 20. Nc4 Bxc4 21. Qxc4
a5 22. Qf7 Nc5 23. Rab1 Rd7 24. Qa2 Rhd8 25. e3 f5 26. Nd4 f4 27. Nf3 Qe7 28.
exf4 gxf4 29. Qc4 fxg3 30. hxg3 Nd3 31. Rf1 Rc7 32. Qh4 Qxh4 33. Nxh4 Bc5 34.
Nf5 Nxf2 35. Rxf2 Rd2 36. Rf1 Bb6 37. Be4 Rc4 0-1

[Event "Reykjavik Open 2018"]
[Site "Reykjavik ISL"]
[Date "2018.03.12"]
[Round "7.51"]
[White "Ragnarsson, Dagur"]
[Black "Baldvinsson, Loftur"]
[Result "1-0"]
[WhiteTitle "FM"]
[WhiteElo "2236"]
[BlackElo "1977"]
[WhiteFideId "2304058"]
[BlackFideId "2301261"]
[EventDate "2018.03.06"]

1. Nf3 Nc6 2. c4 e5 3. Nc3 f5 4. g3 Be7 5. d4 e4 6. Ng1 Nf6 7. h4 O-O 8. Nh3 Ng4
9. e3 d6 10. a3 a6 11. Nf4 g5 12. hxg5 Bxg5 13. b4 Ne7 14. Bh3 Nf6 15. d5 b5 16.
cxb5 axb5 17. Bb2 Ng6 18. Qe2 Ne5 19. O-O-O Nc4 20. Nxb5 Nxb2 21. Qxb2 Rf7 22.
Nd4 Bxf4 23. gxf4 Ng4 24. Bxg4 fxg4 25. Rh5 Qf6 26. Ne2 Qxb2+ 27. Kxb2 Ba6 28.
Nd4 Kh8 29. Rg1 Rg8 30. b5 Bc8 31. Kc3 Bd7 32. a4 Rfg7 33. Ne2 Be8 34. Rh4 Bf7
35. Kd4 Ra8 36. Nc3 h5 37. Ra1 g3 38. fxg3 Rxg3 39. Rh2 Rag8 40. a5 Rg1 41. Rxg1
Rxg1 42. a6 Ra1 43. Ra2 c5+ 44. bxc6 1-0

[Event "Reykjavik Open 2018"]
[Site "Reykjavik ISL"]
[Date "2018.03.12"]
[Round "7.52"]
[White "Lorscheid, Gerhard"]
[Black "Van den Bersselaar, Henri"]
[Result "1-0"]
[WhiteTitle "FM"]
[WhiteElo "2228"]
[BlackElo "1956"]
[WhiteFideId "4606000"]
[BlackFideId "1022032"]
[EventDate "2018.03.06"]

1. d4 d5 2. c4 e6 3. Nc3 c6 4. e3 Bd6 5. Bd3 Nd7 6. Nf3 Ngf6 7. O-O O-O 8. b3
Re8 9. Bb2 dxc4 10. Bxc4 b5 11. Be2 a6 12. Ng5 h6 13. Nge4 Nxe4 14. Nxe4 Bxh2+
15. Kxh2 Qh4+ 16. Kg1 Qxe4 17. Bf3 Qh4 18. Bxc6 Rb8 19. Rc1 Rd8 20. g3 Qg5 21.
Qf3 Nf6 22. Rc5 Qg4 23. Qxg4 Nxg4 24. Bg2 Nf6 25. e4 Bb7 26. f3 Nd7 27. Rc7 Nb6
28. Rfc1 Rd7 29. Kf2 Rc8 30. Rxc8+ Nxc8 31. Ke3 Ne7 32. Bh3 f5 33. Ba3 Nc6 34.
exf5 exf5 35. Bxf5 Rd8 36. Be4 Re8 37. Kf2 Nxd4 38. Bxb7 Re2+ 39. Kf1 Rxa2 40.
Bd5+ Kh7 41. Be4+ Kg8 42. Bg6 1-0

[Event "Reykjavik Open 2018"]
[Site "Reykjavik ISL"]
[Date "2018.03.12"]
[Round "7.53"]
[White "Heimisson, Hilmir Freyr"]
[Black "Zhou, Aiden"]
[Result "1/2-1/2"]
[WhiteTitle "CM"]
[WhiteElo "2224"]
[BlackElo "1977"]
[WhiteFideId "2309998"]
[BlackFideId "2618826"]
[EventDate "2018.03.06"]

1. Nf3 Nf6 2. g3 g6 3. Bg2 Bg7 4. O-O O-O 5. d4 d6 6. c3 Nc6 7. Re1 e5 8. e4 Rb8
9. h3 Nd7 10. Na3 Ne7 11. dxe5 Nxe5 12. Nxe5 Bxe5 13. Bh6 Re8 14. Nc4 Bh8 15.
Ne3 Be6 16. Qc2 Bg7 17. Bxg7 Kxg7 18. Rad1 Qc8 19. Kh2 f5 20. exf5 Nxf5 21. c4
Nxe3 22. Qc3+ Kg8 23. Rxe3 Bf7 24. Rde1 Qd7 25. b3 c6 26. Qd4 Rxe3 27. Rxe3 b5
28. Qf6 Re8 29. Rd3 bxc4 30. Rxd6 Re6 31. Qg7+ Kxg7 32. Rxd7 c3 33. Rd1 Re2 34.
Kg1 Rxa2 35. Rc1 c2 36. Kf1 c5 37. Be4 Bxb3 38. Ke2 Rb2 39. Kd2 a5 40. Kc3 Rb1
41. Rxb1 cxb1=Q 42. Bxb1 c4 43. f4 Kf6 44. g4 h6 45. Be4 g5 46. f5 a4 47. Kb4
Ke5 48. Bb1 c3 49. Kxc3 Bd5 50. Kb4 Bg2 51. Bc2 Bxh3 52. Bd1 Bg2 53. Kxa4 Be4
54. Kb3 Bxf5 55. gxf5 Kxf5 56. Kc3 Kf4 57. Kd2 g4 58. Bxg4 Kxg4 59. Ke1 Kg3 1/2-1/2

[Event "Reykjavik Open 2018"]
[Site "Reykjavik ISL"]
[Date "2018.03.12"]
[Round "7.54"]
[White "Arnalds, Stefan"]
[Black "Edvardsson, Kristjan"]
[Result "1-0"]
[WhiteElo "1999"]
[BlackElo "2217"]
[WhiteFideId "2304821"]
[BlackFideId "2300893"]
[EventDate "2018.03.06"]

1. d4 d6 2. c4 f5 3. Nc3 Nf6 4. Nf3 g6 5. e3 Bg7 6. Be2 O-O 7. O-O e6 8. b4 a5
9. b5 Nbd7 10. Bb2 Qe8 11. Qc2 b6 12. e4 Bb7 13. e5 dxe5 14. Nxe5 Nxe5 15. dxe5
Nd7 16. f4 g5 17. Ba3 gxf4 18. Bxf8 Qxf8 19. Bf3 Bxf3 20. Rxf3 Qc5+ 21. Kh1 Qxc4
22. Qd2 Nxe5 23. Rxf4 Qc5 24. Rd4 Nf7 25. Rd3 e5 26. Rf1 e4 27. Rg3 Rd8 28. Qf4
Kh8 29. Nxe4 Qxb5 30. Ng5 Nd6 31. Rh3 Be5 32. Qf3 Rd7 33. Qa8+ Kg7 34. Re1 h6
35. Ne6+ Kf7 36. Rxh6 Ne8 37. Qf3 Nf6 38. Qxf5 Ke7 39. Rxf6 1-0

[Event "Reykjavik Open 2018"]
[Site "Reykjavik ISL"]
[Date "2018.03.12"]
[Round "7.55"]
[White "Mai, Alexander Oliver"]
[Black "Johannsson, Orn Leo"]
[Result "1/2-1/2"]
[WhiteElo "1995"]
[BlackElo "2206"]
[WhiteFideId "2313391"]
[BlackFideId "2303051"]
[EventDate "2018.03.06"]

1. e4 e6 2. d4 d5 3. Nc3 Bb4 4. exd5 exd5 5. Bd3 Ne7 6. Ne2 Nbc6 7. O-O O-O 8.
Bg5 f6 9. Bf4 Be6 10. Nb5 Ba5 11. c3 a6 12. Na3 Ng6 13. Bg3 Nce7 14. Nf4 Nxf4
15. Bxf4 Ng6 16. Bd2 Qd7 17. Qc2 Qf7 18. Rae1 Rfe8 19. Nb1 c6 20. Bc1 Bc7 21.
Nd2 Re7 22. Nf3 Rae8 23. h3 Nf8 24. Bf5 Qh5 25. Bxe6+ Nxe6 26. Bd2 g5 27. Qf5
Qg6 28. Qxg6+ hxg6 29. g3 Kf7 30. Kg2 Ng7 31. Rxe7+ Rxe7 32. Re1 Rd7 33. Re2 Nf5
34. Ne1 Bd6 35. Nd3 Rc7 36. f4 gxf4 37. Bxf4 g5 38. Bxd6 Nxd6 39. Nc5 a5 40. Kf3
b6 41. Nd3 Rc8 42. Nf2 Rh8 43. Re1 Nc4 44. Re2 Nd6 45. Re1 Ne4 46. Nxe4 dxe4+
47. Rxe4 Rxh3 48. Kg2 Rh8 49. Re2 Rh7 50. Re3 Rh8 51. Re2 Rd8 52. Kf3 Rd6 53.
Rh2 Kg7 54. Re2 1/2-1/2

[Event "Reykjavik Open 2018"]
[Site "Reykjavik ISL"]
[Date "2018.03.12"]
[Round "7.56"]
[White "Loew, Gerald"]
[Black "Murray, Michael A."]
[Result "1-0"]
[WhiteTitle "FM"]
[WhiteElo "2204"]
[BlackElo "1975"]
[WhiteFideId "4615875"]
[BlackFideId "2609126"]
[EventDate "2018.03.06"]

1. d4 Nf6 2. Nf3 d6 3. Nc3 g6 4. e4 Bg7 5. Be2 O-O 6. O-O Nc6 7. d5 Nb8 8. h3 c6
9. a4 a5 10. Be3 Na6 11. Qd2 Nb4 12. Rfd1 Qc7 13. Nd4 Nd7 14. f3 Re8 15. Nb1 Nc5
16. Ra3 e5 17. dxe6 Nxe6 18. Nxe6 Bxe6 19. c3 Na6 20. Bd4 d5 21. Bxg7 Kxg7 22.
Qd4+ Kg8 23. Bxa6 Rxa6 24. exd5 Bxd5 25. c4 Be6 26. Re3 Raa8 27. Qc3 Red8 28.
Rxd8+ Rxd8 29. Nd2 Bf5 30. c5 Qd7 31. Nc4 Qd4 32. Qxd4 Rxd4 33. Nxa5 Rxa4 34.
Nxb7 Rb4 35. Nd8 Rxb2 36. Nxc6 Rc2 37. Ne7+ Kg7 38. Nxf5+ gxf5 39. Re5 Kf6 40.
f4 h5 41. h4 Rc4 42. g3 Rc3 43. Kf2 Kg6 44. Rd5 Kf6 45. Re5 Kg6 46. Ke2 Rxg3 47.
Re3 Rg2+ 48. Kd3 Kf6 49. c6 Rg1 50. Kc4 Rc1+ 51. Rc3 Ra1 52. c7 Ra8 53. Kd5 1-0

[Event "Reykjavik Open 2018"]
[Site "Reykjavik ISL"]
[Date "2018.03.12"]
[Round "7.57"]
[White "Bergsson, Stefan"]
[Black "Frank, Tena"]
[Result "1/2-1/2"]
[BlackTitle "WFM"]
[WhiteElo "2201"]
[BlackElo "1921"]
[WhiteFideId "2301393"]
[BlackFideId "4624297"]
[EventDate "2018.03.06"]

1. e4 c5 2. Nc3 e6 3. Nf3 Nc6 4. d4 cxd4 5. Nxd4 Qc7 6. Be3 a6 7. f4 Nf6 8. Qf3
Bb4 9. Bd3 d6 10. O-O Bd7 11. Nde2 O-O 12. Rad1 b5 13. g4 Bc5 14. Bxc5 dxc5 15.
e5 Nd5 16. Qh3 f5 17. gxf5 Nxc3 18. Nxc3 exf5 19. Nd5 Qa7 20. c4 Be6 21. Qg2 Nb4
22. Kh1 Kh8 23. Rg1 Rad8 24. Nxb4 cxb4 25. b3 Rf7 26. Bxf5 Rxd1 27. Rxd1 Rxf5
28. Rd8+ Bg8 29. Qe4 g6 30. cxb5 Qf2 31. Qc4 Rf7 32. bxa6 Qf3+ 33. Kg1 Qg4+ 34.
Kh1 Qf3+ 35. Kg1 Qg4+ 36. Kh1 Qf3+ 1/2-1/2

[Event "Reykjavik Open 2018"]
[Site "Reykjavik ISL"]
[Date "2018.03.12"]
[Round "7.58"]
[White "Laustsen, Lars"]
[Black "Marshall, Michael"]
[Result "1-0"]
[WhiteElo "2201"]
[BlackElo "1890"]
[WhiteFideId "1407554"]
[BlackFideId "1409956"]
[EventDate "2018.03.06"]

1. d4 d6 2. Nf3 Bg4 3. c4 Nd7 4. Nc3 e5 5. d5 Ngf6 6. Nd2 Be7 7. f3 Bh5 8. e4
O-O 9. Be2 a5 10. Nf1 Bg6 11. Be3 Ne8 12. Qd2 h6 13. g3 Nc5 14. O-O-O a4 15. g4
Bg5 16. Bxg5 Qxg5 17. Qxg5 hxg5 18. Ne3 f6 19. h4 gxh4 20. Rxh4 Kf7 21. Rg1 Rg8
22. Rgh1 c6 23. Kd2 Nc7 24. Bd1 Ne8 25. Bc2 Nc7 26. R4h2 Ne8 27. Kc1 Nc7 28. Rd1
Rgd8 29. Rg2 Bh7 30. Rh2 Bg6 31. Rhd2 Ne8 32. Kb1 Ke7 33. Ne2 Nc7 34. Ng3 cxd5
35. exd5 Bxc2+ 36. Kxc2 g6 37. Rh1 Rh8 38. Rdh2 Rxh2+ 39. Rxh2 Rg8 40. Rh7+ Kd8
41. Rf7 Nd7 42. Ne4 Ne8 43. Rh7 Rf8 44. Kc3 f5 45. Ng5 Nc5 46. Ne6+ Nxe6 47.
dxe6 Rf6 48. Rd7+ Kc8 49. Re7 Nc7 50. Rxc7+ Kxc7 51. Nd5+ Kd8 52. Nxf6 Ke7 53.
Nd5+ Kxe6 54. gxf5+ gxf5 55. a3 f4 56. Kd3 Kf5 57. Nc3 1-0

[Event "Reykjavik Open 2018"]
[Site "Reykjavik ISL"]
[Date "2018.03.12"]
[Round "7.59"]
[White "Haraldsson, Haraldur"]
[Black "Ptacnikova, Lenka"]
[Result "0-1"]
[BlackTitle "WGM"]
[WhiteElo "1963"]
[BlackElo "2200"]
[WhiteFideId "2311100"]
[BlackFideId "305650"]
[EventDate "2018.03.06"]

1. e4 c5 2. Nf3 e6 3. d4 cxd4 4. Nxd4 a6 5. c4 Nf6 6. Nc3 Qc7 7. Nc2 Nc6 8. Be2
Be7 9. O-O O-O 10. Be3 d6 11. Rc1 Ne5 12. Na3 b6 13. f4 Ned7 14. Bf3 Bb7 15. Qe2
Rac8 16. b3 d5 17. cxd5 Bxa3 18. Nb5 Bxc1 19. Nxc7 Bxe3+ 20. Qxe3 Rxc7 21. d6
Rc2 22. e5 Nd5 23. Qd4 g6 24. g4 f6 25. f5 gxf5 26. gxf5 Nxe5 27. Be4 Nc3 0-1